000 00303nam a2200133Ia 4500
100 _aGovt. of Maharastra
650 _aChemistry
942 _cBK
245 _aReport Fromm Education Department
260 _bGovt. Central press
_aBombay
_c1974
082 _a354.5
300 _a167
546 _aENGLISH
999 _c23983
_d23983